00901naa a2200217 i 4500001000400000003000400004005001700008008003900025040000800064080001100072100016000083245010300243260001000346500002600356650002000382655003000402711010700432773011600539942001300655999001500668BPPBPK20150114143225.0150114s1984 pl f |100 0 pol cBPK a621.93 aINGIELEWICZ, Ryszard.d1972 - 1996.bWyższa Szkoła Inżynierska w Koszalinie - Wydział Inżynierii Lądowej i Sanitarnej,cZakład Mechaniki Budowli aCzęstości własne cienkich pił tarczowych a ich sztywność modalna /cRyszard Ingielewicz. c1984. aDane z kartoteki bpp. 0aPiła tarczowa. 0aMateriały konferencyjne. aSympozjum : Drgania w układach fizycznychn(11 ;d1984.05.24-26 ;cPoznań - Błażejewko, Polska). iW :tDrgania w układach fizycznych : XI Sympozjum. -dPoznań : Politechnika Poznańska, 1984. -gs. 159-160 cART2UKD c6643d6643